Estonia in Eurovision (1994-2026) - Statistics

General Stats
  • This quiz has been taken 22 times
    2 since last reset
  • The average score is 22 of 32
Answer Stats
Year Song title Result % Correct
2023 Bridges 8
100%
2025 Espresso Macchiato 3
100%
2001 Everybody 1
100%
2015 Goodbye to Yesterday 7
100%
2022 Hope 13
100%
2012 Kuula 6
100%
2018 La forza 8
100%
2016 Play 18 (SF)
100%
2009 Rändajad 6
100%
2011 Rockefeller Street 24
100%
2010 Siren 14 (SF)
100%
2019 Storm 20
100%
2021 The Lucky One 13 (SF)
100%
2026 Too Epic to Be True 11 (SF)
100%
2017 Verona 14 (SF)
100%
2020 What Love Is N/A
100%
2014 Amazing 12 (SF)
50%
1999 Diamond of Night 6
50%
2008 Leto svet 18 (SF)
50%
2005 Let's Get Loud 20 (SF)
50%
1998 Mere lapsed 12
50%
2024 (Nendest) narkootikumidest ei tea me (küll) midagi 20
50%
2000 Once in a Lifetime 4
50%
2007 Partners in Crime 22 (SF)
50%
2002 Runaway 3
50%
2006 Through My Window 18 (SF)
50%
2004 Tii 11 (SF)
50%
2003 Eighties Coming Back 21
0%
2013 Et uus saaks alguse 20
0%
1996 Kaelakee hääl 5
0%
1997 Keelatud maa 8
0%
1994 Nagu merelaine 24
0%
No matching quizzes found
Score Distribution
Percent of People with Each Score
Percentile by Number Answered
Your Score History
You have not taken this quiz since the last reset